Statistiques concernant Drapeaux en formes de Pays #8

Cliquez ici pour prendre le quiz!

Statistiques générales

  • Ce quiz a été pris 14 362 fois
  • Le résultat moyen est 13 sur 16

Statistiques - réponses

Réponse% Correct
Irlande
96%
Pays-Bas
93%
Vatican
91%
Kenya
88%
Bulgarie
87%
Irak
86%
Cambodge
85%
Bangladesh
84%
Slovénie
84%
Paraguay
82%
Équateur
80%
Laos
80%
Ghana
77%
Éthiopie
76%
Libye
71%
Malawi
58%

Distribution des résultats

Percentile par nombre de réponses

% des personnes avec chaque résultat

Votre développement - résultats

Vous n’avez pas pris ce quiz